| 000 | 005230000a22001210004500 | ||
|---|---|---|---|
| 090 |
_aAS _bSeriadas |
||
| 245 | 1 | 0 | _aPrimeros informes de anidación con notas ecológicas de Capito quinticolor y C. squamatus (aves: Capitonidae) del Pacífico colombiano |
| 246 | 3 | _aFirst report of nesting with ecological notes of Capito quinticolor and C. squamatus (aves: Capitonidae) from the colombian Pacific region | |
| 041 | 0 | _aEspañol | |
| 100 | 1 |
_aStrewe, Ralf _95322 |
|
| 942 | _cARTICULO | ||
| 773 | 1 |
_tCaldasia _h1 _q221-224 _d2002 _g24 |
|
| 999 |
_c15395 _d15395 |
||